00543nam a22001697a 4500020001800000082001400018100001800032245003700050250001200087260002900099300001700128650002200145650004100167942000700208999001700215952014100232 a9789332539433 a005.8 EAS aChuck Easttom aComputer security fundamentals,  a2nd ed. aNew DelhibPearsonc2015 a333p.bill.: aComputer security aComputer network - security measures cBK c13497d13497 001040708NFICaCLbCLcAId2016-03-22eAllied Book Companyg512.00l1o005.8 EASpSEECS013401r2016-09-19s2016-04-25w2016-03-25yBK